5HLuxD.jpg

KING HENRY VIII SENIOR AND PRIMARY SCHOOL LIBRARY OPAC

SEADOG (Record no. 4763)

000 -LEADER
fixed length control field 00340nam a22001217a 4500
008 - FIXED-LENGTH DATA ELEMENTS--GENERAL INFORMATION
fixed length control field 250320b ||||| |||| 00| 0 eng d
020 ## - INTERNATIONAL STANDARD BOOK NUMBER
International Standard Book Number 9781742756516
082 ## - DEWEY DECIMAL CLASSIFICATION NUMBER
Classification number 823.92 SAX
100 ## - MAIN ENTRY--PERSONAL NAME
Personal name Saxby,Claire
Relator term Author
245 ## - TITLE STATEMENT
Title SEADOG
260 ## - PUBLICATION, DISTRIBUTION, ETC.
Place of publication, distribution, etc. Level 3,100 Pacific Highway,North Sydney NSW 2060
Name of publisher, distributor, etc. Random House Australia
Date of publication, distribution, etc. 2014
942 ## - ADDED ENTRY ELEMENTS (KOHA)
Source of classification or shelving scheme
Holdings
Withdrawn status Lost status Source of classification or shelving scheme Damaged status Not for loan Collection code Permanent Location Current Location Shelving location Date acquired Total Checkouts Full call number Barcode Date last seen Date last checked out Price effective from Koha item type Public note
          Fiction KH8 Primary School Library KH8 Primary School Library Fiction 2025-03-20 5 E FIC SAX KHPL000006596 2025-12-05 2025-11-11 2025-03-20 Books - Fiction KH8 PRIMARY LIBRARY

Powered By KH8 IT Dept